LEADER 01007nam a2200241 i 4500 001 000000135366 003 CaOOAMICUS 005 20250709142840.0 008 050302s1969 it u000 u ita u 013 $a108698 040 $aSeMil$bita 245 03$aIl neoempirismo /$ca cura di Alberto Pasquinelli. 260 $aTorino :$bUnione Tipografico-Editrice Torinese,$c1969. 300 $a975 p., [5] carte di tav. :$bill. ;$c24 cm 490 0 $aClassici della filosofia 650 4$aNeoempirismo.$0(OLS)http://semarc/subject/26650 700 1 $aPasquinelli, Alberto,$d<1929-2013>.$0(OLS)http://semarc/name/10878 830 0$aClassici della filosofia .$0(OLS)http://semarc/title/454429 850 $aSeMil 852 $aSeMil$W1$xVenegono$y1$m2LA C 73$j259405$B89043$CSeMilBibl$Z2$F93646 $81 996 $6245$aIl neoempirismo$9(OLS)http://semarc/title/197990 996 $6260$aTorino :$bUnione Tipografico-Editrice Torinese$9(OLS)http://semarc/publisher/29628 LEADER 01621nam a2200337 i 4500 001 000000124634 003 CaOOAMICUS 005 20040506000000.0 008 040506s1962 fr u000 u fre u 013 $a97331 040 $aSeMil$bita 245 10$aPoitou Roman /$cintroduction de René Crozet ; texte d' Yvonne Labande-Mailfert ; photographies inédites de P. Belzeaux ... [et al.] ; traduction anglaise de Mrs. Pamela Clarke ; traduction allemande de Dom Albert Delfosse osb. 250 $a2. éd. 260 $aParis :$bZodiaque,$c1962. 300 $a260 p., 105 p. di tav. :$bill. ;$c22 cm. 490 0 $aLa nuit des temps ;$v5 500 $aFront. su due pagine. - Riassunto anche in inglese e tedesco. - Fondo Card. C.M. Martini. 650 4$aArte romanica - Francia - Poitou.$0(OLS)http://semarc/subject/24088 650 4$aPoitou - Guide artistiche.$0(OLS)http://semarc/subject/24089 700 1 $aCrozet, René.$0(OLS)http://semarc/name/51787 700 1 $aLabande-Mailfert, Yvonne.$0(OLS)http://semarc/name/51788 700 1 $aDelfosse, Albert.$0(OLS)http://semarc/name/51791 700 1 $aClarke, Pamela.$0(OLS)http://semarc/name/51790 700 1 $aBelzeaux, P.$0(OLS)http://semarc/name/51789 830 3$aLa nuit des temps ;$v5.$0(OLS)http://semarc/title/14300 850 $aSeMil 852 $aSeMil$W1$xVenegono$y1$m5R VII 68$j79176$B79176$CSeMilBibl$Z2$F82573 $81 941 1 $a4 961 $aOmaggio: Martini Card. Carlo Maria 996 $6245$aPoitou Roman$9(OLS)http://semarc/title/183423 996 $6260$aParis :$bZodiaque$9(OLS)http://semarc/publisher/32982